000 00220nam a22000857a 4500
008 170624b xxu||||| |||| 00| 0 eng d
100 _93665
_aJain. S
245 _aHow to excel in examination
260 _aNew Delhi
_bNarula
_c2006
999 _c7080
_d7080